| 000 | 00499nam a22001817a 4500 | ||
|---|---|---|---|
| 005 | 20251219093825.0 | ||
| 008 | 251219b |||||||| |||| 00| 0 eng d | ||
| 020 | _a978-93-86235-78-7 | ||
| 100 | _aGUHARAJ, P. V. | ||
| 245 | _aFORENSIC MEDICINE AND TOXICOLOGY | ||
| 250 | _a3RD ED | ||
| 260 |
_aTELANGANA, INDIA _bUNIVERSITIES PRESS _c2019 |
||
| 300 | _aXVI, 718P. | ||
| 500 | _aINCLUDES INDEX | ||
| 650 | _a1. MEDICAL JURISPRUDENCE POISONS | ||
| 700 | _aGUPTA, SUDHIR K. | ||
| 942 |
_2lcc _cBK |
||
| 999 |
_c216366 _d216366 |
||